| 000 | 00000nam 2200000zi 4500 |
| 001 | 9.907208 |
| 003 | CaOODSP |
| 005 | 20240214134337 |
| 006 | m o d f |
| 007 | cr ||||||||||| |
| 008 | 220121e202203##oncd ob f000 0 eng d |
| 020 | |a9780660417424 |
| 040 | |aCaOODSP|beng|erda|cCaOODSP |
| 043 | |an-cn--- |
| 086 | 1 |aH144-100/2022E-PDF |
| 245 | 00|aCanadian health science assessment for fine particulate matter (PM2.5). |
| 264 | 1|aOttawa, ON : |bHealth Canada = Santé Canada,|cMarch 2022. |
| 264 | 4|c©2022 |
| 300 | |a1 online resource (vi, 112 pages) : |bgraphs |
| 336 | |atext|btxt|2rdacontent |
| 337 | |acomputer|bc|2rdamedia |
| 338 | |aonline resource|bcr|2rdacarrier |
| 500 | |aThe original publication file in PDF format was replaced with an accessible version on 14-02-2024 at the request of Health Canada. |
| 500 | |aIssued also in French under title: Évaluation scientifique canadienne des effets sur la santé des particules fines (PM2.5). |
| 504 | |aIncludes bibliographical references (pages 87-110). |
| 650 | 0|aParticulate matter|xHealth aspects|zCanada. |
| 650 | 0|aAir|xPollution|xHealth aspects|zCanada. |
| 710 | 1 |aCanada. |bHealth Canada, |eissuing body. |
| 775 | 08|tÉvaluation scientifique canadienne des effets sur la santé des particules fines (PM2.5).|w(CaOODSP)9.907210 |
| 856 | 40|qPDF|s1.50 MB|uhttps://publications.gc.ca/collections/collection_2022/sc-hc/H144-100-2022-eng.pdf |
| 986 | |a210611 |